000 00686nab a2200205 4500
001 244442
003 OSt
005 20240409113940.0
007 tu
008 200917s2020|||||||
040 _aDE-2950
_cDE-2950
245 0 0 _aFolgen des Studentenschwunds
_bUniversität. Sinkende Studierendenzahlen an der Viadrina in Frankfurt beschäftigen auch das Studentenwerk, das jetzt eine neue Geschäftsführerin hat/
_cSelim Pekel
264 _c2024
653 _aFrankfurt (Oder)
653 _aEuropauniversität
653 _aStudentenwerk
653 _aDorit Wehling
773 0 _g35. Jahrgang (2024) Nr. 69 vom 21.03.2024, S. 15 mit Foto
_tMärkische Oderzeitung
942 _2z
_cA
999 _c373041
_d373041